[Event "Budapest FS02 FM"]
[Site "Budapest"]
[Date "2022.02.13"]
[Round "8"]
[White "Szurkos, Andras"]
[Black "Fiedorek, Kamila"]
[Result "1-0"]
[WhiteElo "1543"]
[BlackElo "1127"]
[PlyCount "103"]
[EventDate "2022.02.05"]
[EventType "tourn"]
[EventRounds "10"]
[EventCountry "HUN"]
[SourceTitle "EXT 2023"]
[Source "ChessBase"]
[SourceDate "2022.10.05"]
[SourceVersion "1"]
[SourceVersionDate "2022.10.05"]
[SourceQuality "1"]

1. e4 c5 2. Nf3 d6 3. Bc4 Nc6 4. 0-0 Nf6 5. Nc3 g6 6. Re1 Bg7 7. d3 0-0 8. Bg5 Re8 9. Qd2 a6 10. a3 Bg4 11. Qf4 Bxf3 12. Qxf3 Ne5 13. Qe3 Nxc4 14. dxc4 Qc7 15. Bxf6 exf6 16. Nd5 Qc6 17. Qf4 Re6 18. c3 Rae8 19. Re3 b5 20. b3 Re5 21. f3 f5 22. Rae1 fxe4 23. Rxe4 bxc4 24. bxc4 Rxe4 25. Rxe4 Rxe4 26. Qxe4 Qa4 27. Kf2 Qd7 28. Qf4 Qe6 29. Nc7 Qe7 30. Nd5 Qe6 31. a4 Be5 32. Qe4 Qd7 33. Qxe5 Qxa4 34. Qxd6 Qa2+ 35. Kg3 Qxc4 36. Nf6+ Kg7 37. Qe5 a5 38. Nd7+ Kh6 39. Qf4+ Qxf4+ 40. Kxf4 a4 41. Nxc5 a3 42. Nb3 a2 43. c4 Kg7 44. Ke5 Kf8 45. Kd6 Ke8 46. Kc7 Ke7 47. c5 Ke6 48. Kb6 Kd7 49. Kb7 Ke6 50. c6 Kd5 51. c7 Kc4 52. Na1 1-0

[Event "Budapest FS02 FM"]
[Site "Budapest"]
[Date "2022.02.08"]
[Round "4"]
[White "Zsatkovics, Endre"]
[Black "Fiedorek, Kamila"]
[Result "1/2-1/2"]
[WhiteElo "1498"]
[BlackElo "1127"]
[PlyCount "114"]
[EventDate "2022.02.05"]
[EventType "tourn"]
[EventRounds "10"]
[EventCountry "HUN"]
[SourceTitle "EXT 2023"]
[Source "ChessBase"]
[SourceDate "2022.10.05"]
[SourceVersion "1"]
[SourceVersionDate "2022.10.05"]
[SourceQuality "1"]

1. e4 c5 2. Nf3 d6 3. d4 cxd4 4. Nxd4 Nf6 5. Nc3 g6 6. Be3 Bg7 7. f3 Nc6 8. Qd2 a6 9. 0-0-0 Bd7 10. h4 Nh5 11. Qf2 Nxd4 12. Bxd4 Bh6+ 13. Kb1 Bg7 14. Nd5 Bxd4 15. Qxd4 e5 16. Qf2 Be6 17. Nb6 Rb8 18. Nc4 Bxc4 19. Bxc4 b5 20. Bd5 0-0 21. Rd2 a5 22. Rhd1 Qb6 23. Qxb6 Rxb6 24. a3 Nf4 25. g3 Nxd5 26. Rxd5 Rd8 27. Rxe5 dxe5 28. Rxd8+ Kg7 29. Kc1 a4 30. Rc8 Rf6 31. Rc3 Rb6 32. Kd2 f5 33. Kd3 b4 34. axb4 Rxb4 35. Rc4 Rxb2 36. Rxa4 Kf6 37. Ra6+ Kf7 38. Ra7+ Kg8 39. Re7 Rb5 40. Rd7 Ra5 41. c3 Ra3 42. Rd5 f4 43. Rxe5 fxg3 44. Rg5 Ra7 45. Rxg3 Rd7+ 46. Kc4 Kf7 47. Kb4 Rb7+ 48. Ka5 Ra7+ 49. Kb6 Ra3 50. c4 Rc3 51. c5 Ke7 52. h5 Kd7 53. Kb5 Rb3+ 54. Ka5 gxh5 55. Rg7+ Kc6 56. e5 Re3 57. e6 Rxe6 1/2-1/2